| 000 | 00935cam a22003014a 4500 | ||
|---|---|---|---|
| 001 | 15776676 | ||
| 005 | 20180823043349.0 | ||
| 008 | 090612s2011 maua b 001 0 eng | ||
| 010 | _a 2009024377 | ||
| 016 | 7 |
_a101507987 _2DNLM |
|
| 020 | _a9780763776152 | ||
| 020 | _a0763776157 | ||
| 035 | _a(OCoLC)ocn403361609 | ||
| 040 |
_aDNLM/DLC _cDLC _dNLM _dC#P _dUBY _dDLC |
||
| 041 | _aeng | ||
| 042 | _apcc | ||
| 060 | 0 | 0 | _a2010 A-683 |
| 060 | 1 | 0 |
_aWY 20.5 _bI6196 2011 |
| 080 | _a610.72 | ||
| 082 | 0 | 0 |
_a610.72 _222 |
| 100 | _a2 | ||
| 101 | _aNUR | ||
| 245 | 0 | 0 |
_aIntroduction to nursing research : _cedited by Carol Boswell, Sharon Cannon. |
| 504 | _aIncludes bibliographical references and index. | ||
| 906 |
_a7 _bcbc _corignew _d1 _eecip _f20 _gy-gencatlg |
||
| 942 |
_2ddc _cBK |
||
| 999 |
_c47267 _d47267 |
||